000 00248nam a2200109Ia 4500
008 190216s9999||||xx |||||||||||||| ||und||
100 _aMirnov
245 0 _aUpariganitha Padhadi
260 _bBhasha Institute
650 _aMathematics
942 _cBK
999 _c38349
_d38349